| Record ID | ia:dancewithdragons00mart_866 |
| Source | Internet Archive |
| Download MARC XML | https://archive.org/download/dancewithdragons00mart_866/dancewithdragons00mart_866_marc.xml |
| Download MARC binary | https://www.archive.org/download/dancewithdragons00mart_866/dancewithdragons00mart_866_meta.mrc |
LEADER: 01925aam a22004331i 4500
001 99116518146504341
005 20250814221511.0
006 m || d |
007 cr |||||||||||
008 180103s2011 xxk||||go |||| ||eng
015 $aGBB841139$2bnb
020 $a9780007442454$q(Electronic book (EPUB format))
020 $a0007442459$q(Electronic book (EPUB format))
020 $z9780002247399$q(print)
035 $aoai:ldls.org.uk:018671724
035 $a(Uk)018671724
037 $a9780007442454$bHarperCollins Publishers Ltd
040 $aUk$beng$cUk$dStEdNL
042 $aukblsr
100 1 $aMartin, George R. R.
245 12 $aA dance with dragons /$cGeorge R.R. Martin.
264 1 $aLondon :$bHarperVoyager,$c2011.
300 $a1 online resource (976 pages).
336 $atext$2rdacontent
337 $acomputer$2rdamedia
338 $aonline resource$2rdacarrier
540 $aRestricted: Printing from this resource is governed by The Legal Deposit Libraries (Non-Print Works) Regulations (UK) and UK copyright law currently in force.$5Uk
650 7 $aFiction and related items / Fantasy.$2bicssc
650 7 $aFICTION$xFantasy$xGeneral.$2bisacsh
650 7 $aFICTION$xSagas.$2bisacsh
650 7 $aFICTION$xThrillers$xGeneral.$2bisacsh
650 7 $aFICTION$xAction & Adventure.$2bisacsh
650 7 $aFICTION$xMedia Tie-In.$2bisacsh
650 7 $aFiction$xFantasy$xGeneral.$2bisacsh
655 7 $aFantasy fiction.$2gsafd
884 $aLDL ebooks ONIX to marcxml transformation using Record_Load-eBooks_Legal_Deposit_onix2marc_v2-1.xsl$g20180103$k9780007442454$qUk
856 40 $0ark:/81055/vdc_100053007469.0x000001$aark:/81055/vdc_100053007032.0x000001$uhttps://nls.ldls.org.uk/welcome.html?ark:/81055/vdc_100053007032.0x000001$zView item$3(Electronic Legal Deposit)
919 $aELDEBOOK
984 $aLegal Deposit eBooks can only be viewed on National Library premises